| 000 | 01260cad a22002415a 4500 | ||
|---|---|---|---|
| 001 | E152564 | ||
| 008 | 110329s2010 xxk f 000 0 eng d | ||
| 035 | _a(Sirsi) u152564 | ||
| 041 | 0 | _aeng | |
| 050 | 0 | 4 | _a333.332 $2 18 |
| 110 | 2 |
_aRoyal Institution of Chartered Surveyors _94900 |
|
| 245 | 0 | 4 |
_aThe valuation of individual trade related properties _h[electronic resource] |
| 260 |
_aCoventry _bRICS _c2010 |
||
| 490 | 0 | _aRICS Guidance Note | |
| 520 | _aCertain properties are valued using the profits method (also known as the income approach) of valuation. This guidance note sets out the principles of this method of valuation. However, it does not concern itself with the detailed approach to a valuation that may vary according to the property to be valued. | ||
| 520 | _aNo longer available as a standalone document, incorporated into the Red Book Global Standards effective 31 Jan 2022 as VPGA 4 | ||
| 590 | _aKA | ||
| 650 | 2 | 4 | _aRICS VALUATION STANDARDS |
| 651 | 4 | _aUnited Kingdom | |
| 690 | _aPROPERTY-PROPERTY APPRAISAL AND VALUATION | ||
| 856 | 4 | 0 |
_uhttps://www.isurv.com/info/1261/rics_valuation_%E2%80%93_global_standards/7681/part_5_valuation_applications_vpgas/5 _zNow forms part of the Red Book Global Standards |
| 942 |
_n0 _2ddc |
||
| 999 |
_c112116 _d112116 |
||